Kho tàng truyện cười Việt Nam

Bộ sách giới thiệu đến đọc giả những câu chuyện cười trong cuộc sống đời thường với sự đa dạng phong phú về các thể loại như: truyện cười khôi hài tiếu lâm, truyện cười các địa phương, các nhân vật cười, truyện cười trên sân k...

Celý popis

Uloženo v:
Podrobná bibliografie
Hlavní autor: Vũ, Ngọc Khánh
Médium: Kniha
Jazyk:Undetermined
Vydáno: Hà Nội Văn hóa Thông tin 1995
Témata:
Tagy: Přidat tag
Žádné tagy, Buďte první, kdo otaguje tento záznam!
Thư viện lưu trữ: Trung tâm Học liệu Trường Đại học Cần Thơ
LEADER 00964nam a2200205Ia 4500
001 CTU_28612
008 210402s9999 xx 000 0 und d
020 |b 35.000đ 
082 |a 895.9227 
082 |b Kh107/T.1 
100 |a Vũ, Ngọc Khánh 
245 0 |a Kho tàng truyện cười Việt Nam 
245 0 |c Vũ Ngọc Khánh 
260 |a Hà Nội 
260 |b Văn hóa Thông tin 
260 |c 1995 
520 |a Bộ sách giới thiệu đến đọc giả những câu chuyện cười trong cuộc sống đời thường với sự đa dạng phong phú về các thể loại như: truyện cười khôi hài tiếu lâm, truyện cười các địa phương, các nhân vật cười, truyện cười trên sân khấu... 
650 |a Wit and humor 
904 |i Nguyễn Quang Điền 
980 |a Trung tâm Học liệu Trường Đại học Cần Thơ